|
|
|
|
| LEADER |
00815nta a2200205 i 4500 |
| 001 |
dipl110247 |
| 005 |
20210408113614.0 |
| 008 |
210326s2020 hu om 0|| zxx d |
| 040 |
|
|
|a SZTE Diploma Repozitórium
|b hun
|
| 041 |
|
|
|a zxx
|
| 100 |
1 |
|
|a Kovács Ádám
|
| 245 |
1 |
0 |
|a Automatizált rendszerek kialakítása és alkalmazásba integrálása
|h [elektronikus dokumentum] /
|c Ádám Kovács
|
| 246 |
1 |
0 |
|a Creating automatized systems and an application
|h [elektronikus dokumentum]
|
| 260 |
|
|
|c 2020
|
| 650 |
|
4 |
|a Természettudományok
|
| 650 |
|
4 |
|a Natural sciences
|
| 650 |
|
4 |
|a Computer and information sciences
|
| 650 |
|
4 |
|a Computer sciences, information science and bioinformatics
|
| 700 |
1 |
|
|a Bilicki Vilmos
|e ths
|
| 856 |
4 |
0 |
|u http://diploma.bibl.u-szeged.hu/id/eprint/110247/2/2020_kovacs_adam.pdf
|z Dokumentum-elérés
|